[Event "Open Letní Praha 2018 - B"]
[Site "Praha"]
[Date "2018.08.07"]
[Round "6"]
[Board "3"]
[White "Karlsson, Henrik"]
[Black "Janacek, Jaroslav"]
[Result "0-1"]
[WhiteElo "1702"]
[BlackElo "2006"]
[PlyCount "82"]
[EventDate "2018.08.03"]
[EventRounds "9"]
[EventCountry "CZE"]

1. e4 c5 2. Nc3 g6 3. f4 Bg7 4. Nf3 e6 5. Bc4 Ne7 6. d3 O-O 7. O-O d5 8. Bb3
Nbc6 9. Qe1 Na5 10. e5 a6 11. a3 Nxb3 12. cxb3 b5 13. Qf2 Qc7 14. b4 cxb4 15.
axb4 Nc6 16. Nxb5 Qb8 17. Nd6 Nxb4 18. d4 Bd7 19. Rb1 Bb5 20. Rd1 Rd8 21. Nxf7
Kxf7 22. Ng5+ Kg8 23. Qh4 h5 24. g4 Be2 25. gxh5 Bxh5 26. Nxe6 Bxd1 27. f5 gxf5
28. Qe7 Ra7 29. Qxd8+ Qxd8 30. Nxd8 Bc2 31. Ra1 Bf8 32. Ne6 Bd3 33. Nc5 Bxc5
34. dxc5 Kf7 35. Bf4 Ke6 36. Kf2 Rg7 37. Bd2 Nc6 38. Ra3 Bb5 39. h4 d4 40. Rh3
Nxe5 41. h5 Nd3+  0-1

[Event "Open Letní Praha 2018 - B"]
[Site "Praha"]
[Date "2018.08.07"]
[Round "6"]
[Board "4"]
[White "Michel, Ladislav"]
[Black "Kashkarov, Mikhail"]
[Result "1/2-1/2"]
[WhiteElo "1819"]
[BlackElo "1947"]
[PlyCount "31"]
[EventDate "2018.08.03"]
[EventRounds "9"]
[EventCountry "CZE"]

1. d4 d5 2. Bf4 Nf6 3. e3 g6 4. h3 Bg7 5. Nf3 O-O 6. c3 c5 7. Nbd2 cxd4 8. cxd4
Nc6 9. Be2 Bf5 10. Nh4 Bd7 11. O-O h6 12. Bh2 g5 13. Nhf3 Bf5 14. a3 Nd7 15.
Qb3 Nb6 16. Rac1  1/2-1/2

[Event "Open Letní Praha 2018 - B"]
[Site "Praha"]
[Date "2018.08.07"]
[Round "6"]
[Board "5"]
[White "Skielnik, Joseph J"]
[Black "Aytmukhametov, Bulat"]
[Result "1/2-1/2"]
[WhiteElo "1865"]
[BlackElo "1000"]
[PlyCount "34"]
[EventDate "2018.08.03"]
[EventRounds "9"]
[EventCountry "CZE"]

1. d4 d5 2. Bf4 Nf6 3. e3 c5 4. Nf3 Nc6 5. Be2 Bf5 6. O-O cxd4 7. exd4 Qb6 8.
Nc3 a6 9. Na4 Qd8 10. Nc5 b6 11. Nd3 e6 12. c3 Bd6 13. Bg3 Bxg3 14. hxg3 O-O
15. Nh4 Bg6 16. Nxg6 hxg6 17. Bf3 Na5  1/2-1/2

[Event "Open Letní Praha 2018 - B"]
[Site "Praha"]
[Date "2018.08.07"]
[Round "6"]
[Board "6"]
[White "Korenek, Frantisek"]
[Black "Melkevik, Egil"]
[Result "1/2-1/2"]
[WhiteElo "1963"]
[BlackElo "1733"]
[PlyCount "92"]
[EventDate "2018.08.03"]
[EventRounds "9"]
[EventCountry "CZE"]

1. e4 b6 2. d4 Bb7 3. Bd3 e6 4. Nf3 g6 5. O-O Bg7 6. Bg5 f6 7. Bh4 Nc6 8. c3
Nce7 9. Nbd2 h5 10. e5 Nf5 11. exf6 Bxf6 12. Bxf6 Nxf6 13. Ne5 Rg8 14. Qe2 Nd5
15. g3 Qg5 16. Ne4 Qe7 17. a4 a6 18. Nd2 Qg5 19. Ndf3 Qf6 20. c4 Nb4 21. Be4 c6
22. c5 a5 23. Qd2 g5 24. Nc4 g4 25. Bxf5 O-O-O 26. Be4 gxf3 27. Nd6+ Kb8 28.
Nxb7 Kxb7 29. Ra3 Rdf8 30. cxb6 h4 31. Rxf3 Qg7 32. Rf4 Qg5 33. Kh1 Nd5 34.
Bxd5 Qxd5+ 35. f3 hxg3 36. Rxf8 Rxf8 37. hxg3 Rxf3 38. Rxf3 Qxf3+ 39. Kh2 Qh5+
40. Kg2 Qd5+ 41. Kf2 Qf5+ 42. Qf4 Qxf4+ 43. gxf4 Kxb6 44. Ke3 d5 45. Kd3 c5 46.
b3 cxd4  1/2-1/2

[Event "Open Letní Praha 2018 - B"]
[Site "Praha"]
[Date "2018.08.07"]
[Round "6"]
[Board "7"]
[White "Karlsson, Peter"]
[Black "Tichy, Petr"]
[Result "1/2-1/2"]
[WhiteElo "1783"]
[BlackElo "1920"]
[PlyCount "147"]
[EventDate "2018.08.03"]
[EventRounds "9"]
[EventCountry "CZE"]

1. e4 c5 2. b4 cxb4 3. d4 d5 4. e5 Nc6 5. a3 Qb6 6. Be3 Bf5 7. Bd3 Bxd3 8. Qxd3
e6 9. Ne2 Nge7 10. O-O Nf5 11. axb4 Nxb4 12. Qb3 Qb5 13. Re1 Qd7 14. c3 Nc6 15.
Na3 Be7 16. Nc2 O-O 17. Bf4 Rfb8 18. Ng3 Nxg3 19. Bxg3 b5 20. Reb1 a5 21. Qb2
a4 22. Nb4 Na5 23. f4 Nb3 24. Ra3 Rc8 25. Rd1 Ra7 26. Be1 Rac7 27. Qe2 Rc4 28.
Qf2 Qa7 29. h3 Bxb4 30. cxb4 Nxd4 31. Kh1 Nc6 32. Qh4 Nxe5 33. Qg5 Ng6 34. f5
h6 35. Qg3 exf5 36. Rad3 Ne7 37. Bf2 Qd7 38. Bc5 f4 39. Qe1 Re4 40. Qxe4 dxe4
41. Rxd7 Nf5 42. Kg1 e3 43. Rd8+ Rxd8 44. Rxd8+ Kh7 45. Kf1 Ng3+ 46. Ke1 g5 47.
Bd4 Nf5 48. Bc5 Nh4 49. Kf1 h5 50. Be7 f3 51. gxf3 Nxf3 52. Rd5 Kg6 53. Bc5 f5
54. Rd6+ Kf7 55. Bxe3 f4 56. Bc5 g4 57. hxg4 hxg4 58. Kg2 Ne5 59. Rd8 Ke6 60.
Rd4 Kf5 61. Bd6 a3 62. Bxe5 Kxe5 63. Rd2 Ke4 64. Ra2 Kd4 65. Rxa3 Kc4 66. Ra8
Kxb4 67. Rf8 g3 68. Kf3 Kc3 69. Kxf4 b4 70. Rc8+ Kd2 71. Kxg3 b3 72. Kf2 b2 73.
Rb8 Kc2 74. Rxb2+  1/2-1/2

[Event "Open Letní Praha 2018 - B"]
[Site "Praha"]
[Date "2018.08.07"]
[Round "6"]
[Board "8"]
[White "Grabarczyk, Sylwester Piotr"]
[Black "Mejzr, Jan"]
[Result "1/2-1/2"]
[WhiteElo "1751"]
[BlackElo "1875"]
[PlyCount "97"]
[EventDate "2018.08.03"]
[EventRounds "9"]
[EventCountry "CZE"]

1. e4 c6 2. d4 d5 3. c4 dxe4 4. f3 exf3 5. Nxf3 Nf6 6. Nc3 g6 7. Bd3 Bg7 8. O-O
O-O 9. Qe1 Bg4 10. Qh4 Bxf3 11. Rxf3 Nh5 12. d5 Nd7 13. g4 Bf6 14. Bg5 Qb6+ 15.
Kh1 Qxb2 16. Raf1 Bxg5 17. Qxg5 Qxc3 18. gxh5 Qg7 19. hxg6 fxg6 20. Be4 Qe5 21.
Bf5 Kg7 22. Qg2 Nf6 23. Rg3 cxd5 24. Rxg6+ Kh8 25. Rg3 Rg8 26. cxd5 Rxg3 27.
hxg3 Qxd5 28. Qxd5 Nxd5 29. Be4 e6 30. Rf7 Rb8 31. Rxh7+ Kg8 32. Rh6 Kf7 33.
Bxd5 exd5 34. Rd6 b5 35. Rxd5 Ke6 36. Rc5 Rb6 37. Kg2 b4 38. Ra5 a6 39. Kf3 Kf6
40. Kf4 Kg6 41. g4 Rf6+ 42. Ke4 Rb6 43. Kf4 Rf6+ 44. Kg3 Rc6 45. Kh4 Kh6 46.
Rh5+ Kg6 47. Rg5+ Kh6 48. Rh5+ Kg6 49. Rg5+  1/2-1/2

[Event "Open Letní Praha 2018 - B"]
[Site "Praha"]
[Date "2018.08.07"]
[Round "6"]
[Board "9"]
[White "Vertuccio, Roberto"]
[Black "Konvalinka, Vladislav"]
[Result "1/2-1/2"]
[WhiteElo "1798"]
[BlackElo "1740"]
[PlyCount "104"]
[EventDate "2018.08.03"]
[EventRounds "9"]
[EventCountry "CZE"]

1. d4 d5 2. c4 c6 3. Nf3 Nf6 4. Nc3 dxc4 5. a4 Bf5 6. e3 e6 7. Bxc4 Bb4 8. O-O
O-O 9. Bd3 Bg4 10. h3 Bh5 11. Qe2 Nbd7 12. g4 Bg6 13. e4 Re8 14. e5 Nd5 15.
Nxd5 cxd5 16. Bd2 Bxd3 17. Qxd3 Be7 18. Rfe1 Rc8 19. Nh2 Nb8 20. f4 Nc6 21. Bc3
Nb4 22. Qe2 Rc4 23. Rf1 Nc6 24. Nf3 Qb6 25. a5 Qb3 26. Nd2 Nxd4 27. Qxc4 Qxc4
28. Nxc4 Ne2+ 29. Kf2 Nxc3 30. bxc3 dxc4 31. Rfd1 b5 32. axb6 Bc5+ 33. Kf3 Bxb6
34. Rd7 Ra8 35. Rad1 a5 36. Rb7 Bc5 37. Rdd7 a4 38. Rbc7 Bb6 39. Rxc4 a3 40.
Rd1 Kf8 41. Rc6 Bd8 42. Ra1 Ke8 43. Ke2 Be7 44. Rb6 Ra4 45. Rb8+ Kd7 46. Rb7+
Ke8 47. Rd1 Ra8 48. c4 Bc5 49. Kd3 a2 50. Ra1 Ra3+ 51. Kc2 Bd4 52. Rb2 Bxb2
 1/2-1/2

[Event "Open Letní Praha 2018 - B"]
[Site "Praha"]
[Date "2018.08.07"]
[Round "6"]
[Board "10"]
[White "Barabas, Ales"]
[Black "Olsen, Geir"]
[Result "1-0"]
[WhiteElo "1767"]
[BlackElo "1472"]
[PlyCount "69"]
[EventDate "2018.08.03"]
[EventRounds "9"]
[EventCountry "CZE"]

1. Nf3 d5 2. g3 Nc6 3. Bg2 e5 4. d3 Bf5 5. O-O Qd7 6. c4 d4 7. a3 a5 8. Qa4 Bh3
9. Qb5 Bxg2 10. Kxg2 Be7 11. Nxe5 Nxe5 12. Qxe5 f6 13. Qe4 Qc6 14. Nd2 Nh6 15.
Qxc6+ bxc6 16. Nf3 c5 17. Bxh6 gxh6 18. b3 Kf7 19. Rab1 Rab8 20. b4 cxb4 21.
axb4 axb4 22. Nxd4 Rb6 23. Nf5 Bf8 24. Rb3 c5 25. Ra1 Ke6 26. e4 Bd6 27. Nxh6
Rhb8 28. Ra7 R8b7 29. Ra8 Rb8 30. Ra5 Rc8 31. Kf3 Be5 32. Ng4 Bd6 33. Ne3 Rb7
34. Ra6 Ke7 35. Nf5+  1-0

[Event "Open Letní Praha 2018 - B"]
[Site "Praha"]
[Date "2018.08.08"]
[Round "7"]
[Board "1"]
[White "Ilandzis, Spyridon"]
[Black "Janacek, Jaroslav"]
[Result "1-0"]
[WhiteElo "2009"]
[BlackElo "2006"]
[PlyCount "65"]
[EventDate "2018.08.03"]
[EventRounds "9"]
[EventCountry "CZE"]

1. d4 d6 2. e4 Nf6 3. Nc3 e5 4. Nf3 Nbd7 5. Bc4 Be7 6. O-O c6 7. a4 Qc7 8. Re1
h6 9. Nh4 g6 10. Ba2 Nh7 11. Nf3 Ng5 12. Nxg5 hxg5 13. Qf3 Rh7 14. Be3 Nf8 15.
d5 g4 16. Qd1 Bd7 17. b4 a5 18. dxc6 bxc6 19. b5 Ne6 20. bxc6 Qxc6 21. Bd5 Qxc3
22. Bxa8 f5 23. Qd3 Qc8 24. exf5 gxf5 25. Bd5 e4 26. Qc4 Bf6 27. Rab1 Be5 28.
Qxc8+ Bxc8 29. Rb8 Bxh2+ 30. Kf1 Kd7 31. Bxe6+ Kxe6 32. Rxc8 Be5 33. g3  1-0

[Event "Open Letní Praha 2018 - B"]
[Site "Praha"]
[Date "2018.08.08"]
[Round "7"]
[Board "2"]
[White "Kashkarov, Mikhail"]
[Black "Sakovski, Roman"]
[Result "0-1"]
[WhiteElo "1947"]
[BlackElo "1894"]
[PlyCount "117"]
[EventDate "2018.08.03"]
[EventRounds "9"]
[EventCountry "CZE"]

1. d4 d6 2. Nf3 Bg4 3. e3 Nf6 4. h3 Bh5 5. c4 Nbd7 6. Be2 h6 7. Nc3 g5 8. b3
Bg7 9. Bb2 a6 10. Qc2 c6 11. Nd2 Bg6 12. Bd3 Bxd3 13. Qxd3 d5 14. cxd5 cxd5 15.
Ne2 Rc8 16. O-O e6 17. Ba3 Qa5 18. Bb2 Ne4 19. Rfd1 Ndf6 20. f3 Nd6 21. Nc3 b5
22. a3 h5 23. Ne2 g4 24. Bc3 Qd8 25. Bb4 gxh3 26. gxh3 Bh6 27. Bxd6 Qxd6 28. f4
Ke7 29. b4 Rh7 30. Kh1 Qd7 31. Rac1 e5 32. Ng3 e4 33. Qe2 Rg8 34. Qh2 h4 35.
Ne2 Nh5 36. Rg1 Rhg7 37. Rxg7 Rxg7 38. Rg1 Rxg1+ 39. Kxg1 Qc6 40. Qf2 Qf6 41.
Nf1 Ng7 42. Nh2 Nf5 43. Ng4 Qc6 44. Qe1 Bf8 45. Qc1 Qc4 46. Nc3 Ng3 47. Kg2 f6
48. Qe1 Ke6 49. Nf2 Bd6 50. Nfd1 Qb3 51. Ne2 Nf5 52. Kf2 Qxa3 53. Qg1 Bxb4 54.
Qg8+ Kd7 55. Qxd5+ Nd6 56. f5 Qa1 57. Qe6+ Kc7 58. Nf4 Kc6 59. Nd5  0-1

[Event "Open Letní Praha 2018 - B"]
[Site "Praha"]
[Date "2018.08.08"]
[Round "7"]
[Board "3"]
[White "Michel, Ladislav"]
[Black "Skielnik, Joseph J"]
[Result "0-1"]
[WhiteElo "1819"]
[BlackElo "1865"]
[PlyCount "94"]
[EventDate "2018.08.03"]
[EventRounds "9"]
[EventCountry "CZE"]

1. d4 Nf6 2. Bf4 d6 3. e3 g6 4. h3 Bg7 5. Nf3 O-O 6. Nbd2 Nfd7 7. Bg5 Qe8 8. c3
e5 9. dxe5 dxe5 10. Bc4 Nb6 11. Bb3 c5 12. e4 Nc6 13. Be3 Qe7 14. Nc4 Be6 15.
Nxb6 axb6 16. Bd5 Na5 17. a3 Rfd8 18. Bg5 f6 19. Bh4 Bxd5 20. exd5 Qd6 21. b4
Nc4 22. Qb3 Qxd5 23. O-O Qf7 24. Rfe1 Rd3 25. Re4 Nd2 26. Qxf7+ Kxf7 27. Nxd2
Rxd2 28. Rc4 Bf8 29. f3 Rad8 30. Bf2 Rd1+ 31. Rxd1 Rxd1+ 32. Kh2 b5 33. Rh4
cxb4 34. cxb4 Kg7 35. Re4 Rd3 36. Re3 Rxe3 37. Bxe3 Kf7 38. Kg3 Ke6 39. Kf2 Kd5
40. Ke2 Kc4 41. Bc1 f5 42. g4 Bd6 43. Kd2 e4 44. Ke3 exf3 45. Kxf3 Kc3 46. Ke2
fxg4 47. hxg4 Kc2  0-1

[Event "Open Letní Praha 2018 - B"]
[Site "Praha"]
[Date "2018.08.08"]
[Round "7"]
[Board "4"]
[White "Koper, Stefan"]
[Black "Guggenheim, Hans"]
[Result "0-1"]
[WhiteElo "1852"]
[BlackElo "1791"]
[PlyCount "98"]
[EventDate "2018.08.03"]
[EventRounds "9"]
[EventCountry "CZE"]

1. d4 d5 2. c4 c6 3. cxd5 cxd5 4. Nc3 Nf6 5. Nf3 Nc6 6. Bf4 a6 7. e3 Bg4 8. Be2
e6 9. h3 Bxf3 10. Bxf3 Bd6 11. Bxd6 Qxd6 12. O-O O-O 13. a3 Na5 14. b4 Nc4 15.
Ra2 Rac8 16. Ne2 Rc7 17. Nf4 Rfc8 18. g4 Qe7 19. Kg2 Nd6 20. Rb2 Rc3 21. Ra2
Nfe4 22. Bxe4 Nxe4 23. Ne2 R3c4 24. Rb2 Nc3 25. Nxc3 Rxc3 26. a4 b6 27. Qe2 Qb7
28. b5 a5 29. Rd1 R8c4 30. Ra1 Qc7 31. Qf3 Rxd4 32. Qg3 Qxg3+ 33. Kxg3 Rdc4 34.
Kg2 Kf8 35. Raa2 Ke7 36. Re2 Kd6 37. f3 Kc5 38. f4 Re4 39. Kf3 f5 40. gxf5 exf5
41. Kf2 h6 42. h4 Kc4 43. h5 d4 44. exd4 Rxf4+ 45. Ke1 Kxd4 46. Rad2+ Rd3 47.
Rxd3+ Kxd3 48. Rd2+ Ke3 49. Re2+ Kf3  0-1

[Event "Open Letní Praha 2018 - B"]
[Site "Praha"]
[Date "2018.08.08"]
[Round "7"]
[Board "5"]
[White "Aytmukhametov, Bulat"]
[Black "Svanda, Adam"]
[Result "0-1"]
[WhiteElo "1000"]
[BlackElo "1841"]
[PlyCount "140"]
[EventDate "2018.08.03"]
[EventRounds "9"]
[EventCountry "CZE"]

1. c4 c5 2. Nf3 Nc6 3. e3 Nf6 4. d4 cxd4 5. Nxd4 e5 6. Nf3 d5 7. cxd5 Nxd5 8.
Bc4 Bb4+ 9. Bd2 O-O 10. O-O Be6 11. Bxd5 Qxd5 12. Bxb4 Nxb4 13. Nc3 Qxd1 14.
Rfxd1 f6 15. Rd6 Rfe8 16. Nb5 Rad8 17. Rad1 Rxd6 18. Rxd6 Rc8 19. h3 Bxa2 20.
Nxa7 Ra8 21. Nb5 Nc6 22. Rd7 Rb8 23. Nd2 Be6 24. Rd6 Bf7 25. Ne4 Rd8 26. Nc5
Rb8 27. f3 h6 28. Kf2 Na5 29. Na3 b5 30. Na6 Rb7 31. Nc5 Rb8 32. Na6 Rb7 33.
Nc5 Rb8 34. b4 Nc4 35. Nxc4 bxc4 36. Na6 Rc8 37. Ke2 c3 38. Nc5 Bc4+ 39. Kd1
Bf1 40. g3 Rb8 41. Kc2 Rxb4 42. Rd8+ Kh7 43. Ne6 Rb7 44. Kxc3 Bxh3 45. g4 h5
46. Nf8+ Kh6 47. gxh5 Kxh5 48. Kd3 Bf1+ 49. Kd2 Rb2+ 50. Ke1 Bh3 51. Nd7 Bxd7
52. Rxd7 g6 53. Rd6 Kg5 54. Kf1 f5 55. Re6 Rb5 56. Kg2 f4 57. e4 Rb2+ 58. Kh3
Rf2 59. Rxe5+ Kf6 60. Re8 Rxf3+ 61. Kg4 Rf1 62. Rf8+ Ke5 63. Re8+ Kd4 64. e5 f3
65. e6 Ke5 66. e7 Ke6 67. Kf4 Kf7 68. Rg8 Re1 69. Rh8 f2 70. Rh7+ Ke8  0-1

[Event "Open Letní Praha 2018 - B"]
[Site "Praha"]
[Date "2018.08.08"]
[Round "7"]
[Board "6"]
[White "Benes, Petr"]
[Black "Grabarczyk, Sylwester Piotr"]
[Result "1-0"]
[WhiteElo "2094"]
[BlackElo "1751"]
[PlyCount "99"]
[EventDate "2018.08.03"]
[EventRounds "9"]
[EventCountry "CZE"]

1. Nf3 f5 2. b3 Nf6 3. g3 e6 4. Bg2 Nc6 5. Bb2 Be7 6. O-O O-O 7. a3 Qe8 8. b4
Qh5 9. e3 d6 10. d4 g5 11. Nbd2 Ng4 12. h3 Nf6 13. Ne1 Qg6 14. Nd3 h5 15. Qe2
Ne4 16. Kh2 Bf6 17. Rg1 Ne7 18. Nc4 Nd5 19. Qe1 Bg7 20. f3 Nef6 21. e4 Ne7 22.
Nd2 Nd7 23. Qe3 Bh6 24. Qe2 Nf6 25. c4 g4 26. e5 Ne8 27. Raf1 h4 28. f4 hxg3+
29. Kxg3 Ng7 30. Kf2 Nh5 31. Qe3 g3+ 32. Ke2 d5 33. c5 b6 34. b5 c6 35. a4 Bb7
36. Bf3 Kh7 37. Bxh5 Qxh5+ 38. Qf3 Qxh3 39. Rxg3 Qh2+ 40. Kd1 Rg8 41. Rh3 Qg2
42. Rfh1 Qxf3+ 43. Nxf3 Rg6 44. Ng5+ Kg7 45. Rh5 a6 46. cxb6 Bxg5 47. fxg5 cxb5
48. Rh7+ Kf8 49. Ba3 Re8 50. Nf4  1-0

[Event "Open Letní Praha 2018 - B"]
[Site "Praha"]
[Date "2018.08.08"]
[Round "7"]
[Board "7"]
[White "Lombardi, Michele"]
[Black "Korenek, Frantisek"]
[Result "0-1"]
[WhiteElo "1777"]
[BlackElo "1963"]
[PlyCount "130"]
[EventDate "2018.08.03"]
[EventRounds "9"]
[EventCountry "CZE"]

1. e4 d5 2. exd5 Qxd5 3. Nc3 Qa5 4. Bc4 Nf6 5. d3 c6 6. Nge2 Bg4 7. O-O e6 8.
Kh1 Nbd7 9. f3 Bh5 10. Ng3 Bg6 11. Qe1 Qc7 12. Be3 Bd6 13. Bf2 O-O 14. Rd1 Bb4
15. a3 Ba5 16. Nge4 Bxe4 17. fxe4 Qb8 18. d4 e5 19. b4 Bc7 20. d5 Nb6 21. Bb3
cxd5 22. exd5 Nbd7 23. Nb5 Bb6 24. d6 a6 25. Nc3 Bxf2 26. Rxf2 Qa7 27. h3 Rac8
28. Rf3 b5 29. Nd5 Nxd5 30. Rxd5 e4 31. Qxe4 Rce8 32. Qh4 Ne5 33. Rf1 Qd7 34.
Qf4 Ng6 35. Qf5 Rd8 36. Qd3 Kh8 37. c4 bxc4 38. Qxc4 f6 39. Qc7 Qe6 40. Rd3 Qe2
41. Rfd1 Ne5 42. Rg3 Rd7 43. Qc3 Rfd8 44. Rd2 Qf1+ 45. Kh2 h6 46. Rf3 Nxf3+ 47.
gxf3 Qe1 48. Qc2 Qe5+ 49. Kg2 Rxd6 50. Rxd6 Qxd6 51. Qe4 Qd2+ 52. Kg3 Qg5+ 53.
Qg4 Rd3 54. Qxg5 hxg5 55. Bc4 Rxa3 56. Be2 Kh7 57. h4 Kg6 58. hxg5 Kxg5 59. Bf1
f5 60. Be2 f4+ 61. Kh3 Kf5 62. Bd1 g5 63. Bc2+ Kf6 64. Kg4 Ra2 65. Be4 Rg2+  0-1

[Event "Open Letní Praha 2018 - B"]
[Site "Praha"]
[Date "2018.08.08"]
[Round "7"]
[Board "8"]
[White "Tichy, Petr"]
[Black "Engel, Tomas"]
[Result "1-0"]
[WhiteElo "1920"]
[BlackElo "1475"]
[PlyCount "43"]
[EventDate "2018.08.03"]
[EventRounds "9"]
[EventCountry "CZE"]

1. Nf3 d5 2. g3 Nf6 3. Bg2 Bf5 4. c4 dxc4 5. Na3 Qd5 6. O-O Nc6 7. Qa4 a6 8.
Ng5 Be4 9. Nxe4 Nxe4 10. d3 Nc5 11. Qd1 Qd7 12. Nxc4 e6 13. Be3 Rd8 14. Rc1 b5
15. Nd2 Nd4 16. b4 Na4 17. Nb3 Nxe2+ 18. Qxe2 Qxd3 19. Bc6+ Ke7 20. Qg4 h5 21.
Qf3 f6 22. Rfd1  1-0

[Event "Open Letní Praha 2018 - B"]
[Site "Praha"]
[Date "2018.08.08"]
[Round "7"]
[Board "9"]
[White "Mejzr, Jan"]
[Black "Karlsson, Henrik"]
[Result "1-0"]
[WhiteElo "1875"]
[BlackElo "1702"]
[PlyCount "79"]
[EventDate "2018.08.03"]
[EventRounds "9"]
[EventCountry "CZE"]

1. b4 e5 2. a3 d5 3. Bb2 Bd6 4. Nf3 f6 5. e3 Bg4 6. Be2 Ne7 7. c4 c6 8. h3 Bh5
9. g4 Bf7 10. c5 Bc7 11. g5 a5 12. b5 Nd7 13. b6 Bxb6 14. cxb6 Qxb6 15. Bc3 Nf5
16. d4 e4 17. Nfd2 Qc7 18. Bg4 Nh4 19. Bxd7+ Qxd7 20. Qg4 Qxg4 21. hxg4 fxg5
22. Bb2 O-O 23. Rg1 Be6 24. Nc3 Nf3+ 25. Nxf3 Rxf3 26. a4 Raf8 27. Nd1 Rh3 28.
Ba3 Rf7 29. Bc5 Rh4 30. Bb6 Rxg4 31. Rxg4 Bxg4 32. Nc3 h5 33. Bd8 h4 34. Kf1 h3
35. Kg1 h2+ 36. Kxh2 Rxf2+ 37. Kg3 Rc2 38. Kxg4 Rxc3 39. Bxg5 Rc4 40. Kf5  1-0

[Event "Open Letní Praha 2018 - B"]
[Site "Praha"]
[Date "2018.08.08"]
[Round "7"]
[Board "10"]
[White "Olsen, Geir"]
[Black "Zacek, Petr"]
[Result "1-0"]
[WhiteElo "1472"]
[BlackElo "1535"]
[PlyCount "55"]
[EventDate "2018.08.03"]
[EventRounds "9"]
[EventCountry "CZE"]

1. d4 Nf6 2. Bf4 e6 3. e3 b6 4. Bd3 Bb7 5. Nf3 Be7 6. Nbd2 O-O 7. c3 c5 8. Qe2
cxd4 9. exd4 Nc6 10. O-O-O Nh5 11. Be3 Rc8 12. Kb1 Nf6 13. h4 h6 14. Rdg1 Qc7
15. g4 Nd5 16. g5 Nf4 17. Bxf4 Qxf4 18. Rg3 g6 19. gxh6 Qxh6 20. h5 Kh8 21.
Rhh3 gxh5 22. Ne5 h4 23. Rg4 Nxe5 24. Qxe5+ f6 25. Rhxh4 Qxh4 26. Rxh4+ Kg8 27.
Qh5 f5 28. Qg6#  1-0

[Event "Open Letní Praha 2018 - B"]
[Site "Praha"]
[Date "2018.08.08"]
[Round "7"]
[Board "11"]
[White "Lang, Anders"]
[Black "Vertuccio, Roberto"]
[Result "1/2-1/2"]
[WhiteElo "1758"]
[BlackElo "1798"]
[PlyCount "58"]
[EventDate "2018.08.03"]
[EventRounds "9"]
[EventCountry "CZE"]

1. e4 e5 2. Nf3 Nc6 3. Bb5 a6 4. Bc4 Nf6 5. d4 exd4 6. e5 Ne4 7. O-O Be7 8.
Nxd4 O-O 9. Bb3 d5 10. exd6 Bxd6 11. Nxc6 Qh4 12. Ne5 Bxe5 13. f4 Bd6 14. Qe1
Qxe1 15. Rxe1 Nf6 16. Nc3 Bf5 17. h3 h5 18. Be3 Rfe8 19. Kf2 Bb4 20. Bd4 Ne4+
21. Kg1 Bxc3 22. bxc3 Ng3 23. Be5 c6 24. Re3 h4 25. Rae1 Rad8 26. c4 Rd2 27. c3
Re7 28. c5 Re8 29. Bc4 Re7  1/2-1/2

[Event "Open Letní Praha 2018 - B"]
[Site "Praha"]
[Date "2018.08.09"]
[Round "8"]
[Board "1"]
[White "Skielnik, Joseph J"]
[Black "Ilandzis, Spyridon"]
[Result "1/2-1/2"]
[WhiteElo "1865"]
[BlackElo "2009"]
[PlyCount "69"]
[EventDate "2018.08.03"]
[EventRounds "9"]
[EventCountry "CZE"]

1. d4 Nf6 2. Bf4 c5 3. e3 d5 4. Nf3 Nc6 5. Be2 Qb6 6. Nc3 Bf5 7. O-O cxd4 8.
exd4 a6 9. Na4 Qa7 10. a3 e6 11. h3 Be7 12. Be3 Nd7 13. c4 O-O 14. cxd5 exd5
15. Nc3 Nf6 16. Bd3 Bxd3 17. Qxd3 Rac8 18. Rac1 b5 19. b4 Qb8 20. Nd2 a5 21.
Nxb5 axb4 22. axb4 Nxb4 23. Qe2 Qb6 24. Nc3 Qa6 25. Qxa6 Nxa6 26. Ne2 Nb4 27.
Nf3 Nd3 28. Ra1 Ra8 29. Rxa8 Rxa8 30. Rb1 Bd6 31. Nc1 Nxc1 32. Rxc1 Ne4 33. Ne5
f6 34. Nd3 Kf7 35. Rb1  1/2-1/2

[Event "Open Letní Praha 2018 - B"]
[Site "Praha"]
[Date "2018.08.09"]
[Round "8"]
[Board "2"]
[White "Sakovski, Roman"]
[Black "Guggenheim, Hans"]
[Result "0-1"]
[WhiteElo "1894"]
[BlackElo "1791"]
[PlyCount "102"]
[EventDate "2018.08.03"]
[EventRounds "9"]
[EventCountry "CZE"]

1. d4 d5 2. Nf3 Nf6 3. Bf4 c6 4. c4 a6 5. Nc3 dxc4 6. a4 Nd5 7. Bg3 Nxc3 8.
bxc3 b5 9. e4 Bb7 10. Rb1 Qa5 11. Qc2 Ra7 12. Rb4 Nd7 13. Qb2 e5 14. Bxc4 Bxb4
15. cxb4 Qxa4 16. Be2 a5 17. O-O Qxb4 18. Qa1 O-O 19. Nxe5 Nxe5 20. Bxe5 f6 21.
Bc7 Ra6 22. e5 fxe5 23. dxe5 Qe4 24. Qa2+ Kh8 25. Bd6 Rd8 26. Rd1 Bc8 27. Bd3
Qg4 28. f3 Qe6 29. Qf2 Re8 30. f4 g6 31. h3 h5 32. Qg3 Rg8 33. Qg5 Ra7 34. Rc1
Qb3 35. Bc5 Rag7 36. Be4 Be6 37. Bxg6 Rxg6 38. Qxh5+ Kg7 39. f5 Bxf5 40. Qxf5
Qd5 41. g4 b4 42. Qf4 Rh8 43. h4 Qf7 44. Qg3 Qe6 45. g5 b3 46. Ba3 Qd5 47. Qf2
Rxg5+ 48. Kf1 Qh1+ 49. Ke2 Qe4+ 50. Kd2 Rg2 51. Rg1 Qf4+  0-1

[Event "Open Letní Praha 2018 - B"]
[Site "Praha"]
[Date "2018.08.09"]
[Round "8"]
[Board "3"]
[White "Svanda, Adam"]
[Black "Tichy, Petr"]
[Result "1-0"]
[WhiteElo "1841"]
[BlackElo "1920"]
[PlyCount "109"]
[EventDate "2018.08.03"]
[EventRounds "9"]
[EventCountry "CZE"]

1. e4 c5 2. Nf3 d6 3. d4 cxd4 4. Nxd4 Nf6 5. Nc3 a6 6. Be2 e6 7. O-O Be7 8. f4
Qc7 9. Be3 Nc6 10. Qe1 O-O 11. Qg3 d5 12. exd5 Nxd5 13. Nxd5 exd5 14. c3 Bf6
15. Rad1 Na5 16. Bf3 Nc4 17. Bc1 Rd8 18. Rfe1 Nb6 19. Qf2 Bd7 20. g4 g6 21. Re2
Re8 22. Rde1 Rxe2 23. Rxe2 Re8 24. Rxe8+ Bxe8 25. Qe3 Bd7 26. b3 Qd8 27. Ba3
Bc6 28. Nxc6 bxc6 29. Kg2 d4 30. cxd4 Bxd4 31. Qd3 Qf6 32. Qe4 c5 33. Be2 Qh4
34. b4 Qf2+ 35. Kh3 Qe3+ 36. Qxe3 Bxe3 37. bxc5 Na4 38. c6 Bxf4 39. Bxa6 Nb6
40. Bc5 Bc7 41. Bb5 Nd5 42. Kg2 Nf4+ 43. Kf3 Ne6 44. Bg1 Kf8 45. Ke4 Ke7 46.
Kd5 Nf4+ 47. Kc4 Ne6 48. a4 Ba5 49. Ba6 f5 50. gxf5 gxf5 51. Kb5 Bc7 52. Bc8
Nf4 53. a5 Ne2 54. a6 Nc3+ 55. Kc4  1-0

[Event "Open Letní Praha 2018 - B"]
[Site "Praha"]
[Date "2018.08.09"]
[Round "8"]
[Board "4"]
[White "Korenek, Frantisek"]
[Black "Benes, Petr"]
[Result "0-1"]
[WhiteElo "1963"]
[BlackElo "2094"]
[PlyCount "122"]
[EventDate "2018.08.03"]
[EventRounds "9"]
[EventCountry "CZE"]

1. d4 Nf6 2. c4 e5 3. dxe5 Ng4 4. Nf3 Bc5 5. e3 Nc6 6. Be2 O-O 7. O-O Re8 8.
Nc3 a5 9. Nd5 Ngxe5 10. b3 Nxf3+ 11. Bxf3 Ra6 12. Bb2 Ne5 13. Be2 Rh6 14. g3 d6
15. Bd4 b6 16. Bxc5 dxc5 17. Qc2 c6 18. Nf4 g5 19. Ng2 Bh3 20. f3 Qe7 21. Rae1
f6 22. Rf2 Nf7 23. Bd3 Nd6 24. Ree2 Qd7 25. Ne1 f5 26. Qd2 Nf7 27. Qc3 Rd6 28.
Bc2 Rd8 29. Qb2 Qe6 30. Qc3 Qd7 31. Qb2 h5 32. e4 Rd4 33. exf5 Bxf5 34. Bxf5
Qxf5 35. Kg2 h4 36. g4 Qf4 37. Qc2 Ne5 38. Qf5 Qxf5 39. gxf5 Nf7 40. Nc2 Rf4
41. Re6 Rd6 42. Ne3 Rxe6 43. fxe6 Ne5 44. Ng4 Nxg4 45. fxg4 Rxg4+ 46. Kf3 Rd4
47. Ke3 Rd6 48. Ke4 Rxe6+ 49. Kf5 Re3 50. Kxg5 h3 51. Kg4 Kg7 52. Kf4 Rc3 53.
Ke5 a4 54. Kd6 axb3 55. axb3 Rxb3 56. Kxc6 Kg6 57. Kd5 Kg5 58. Ke4 Rb4 59. Kd5
Rb1 60. Rf8 Rb2 61. Rg8+ Kf4  0-1

[Event "Open Letní Praha 2018 - B"]
[Site "Praha"]
[Date "2018.08.09"]
[Round "8"]
[Board "5"]
[White "Janacek, Jaroslav"]
[Black "Mejzr, Jan"]
[Result "1-0"]
[WhiteElo "2006"]
[BlackElo "1875"]
[PlyCount "91"]
[EventDate "2018.08.03"]
[EventRounds "9"]
[EventCountry "CZE"]

1. e4 e5 2. Nf3 Nc6 3. Bc4 Be7 4. c3 Nf6 5. d3 O-O 6. Nbd2 a6 7. a4 d5 8. Ba2
dxe4 9. dxe4 Bg4 10. h3 Bh5 11. g4 Bg6 12. Qe2 h6 13. Nh4 Bxe4 14. Nxe4 Nxe4
15. Ng6 Nc5 16. Nxf8 Nd3+ 17. Kf1 Kxf8 18. Qe4 Bc5 19. Be3 Bxe3 20. fxe3 Qf6+
21. Qf5 Nxb2 22. Qxf6 gxf6 23. Bd5 Nd3 24. Ke2 Nc5 25. Rhb1 Ne7 26. Bxb7 Rb8
27. Bg2 Rxb1 28. Rxb1 e4 29. Rb4 Nd5 30. Rc4 Nxa4 31. Bxe4 Naxc3+ 32. Kf3 Ke7
33. Bxd5 Nxd5 34. e4 Nb6 35. Rxc7+ Nd7 36. Ra7 Ke6 37. Rxa6+ Ke7 38. Kf4 Kf8
39. Kf5 Kg7 40. Rc6 Nf8 41. Rxf6 Nh7 42. Ra6 Ng5 43. Ra3 Ne6 44. Rd3 Nc5 45.
Rd6 Ne6 46. Rxe6  1-0